SAARC survey of development and cooperation 1998/99 (Record no. 390476)

000 -LEADER
fixed length control field 00514cam a22001337a 4500
008 - FIXED-LENGTH DATA ELEMENTS--GENERAL INFORMATION
fixed length control field 180718b1999 xxu||||| |||| 00| 0 eng d
082 ## - DEWEY DECIMAL CLASSIFICATION NUMBER
Classification number T19x5 Sa12
245 ## - TITLE STATEMENT
Title SAARC survey of development and cooperation 1998/99
260 ## - PUBLICATION, DISTRIBUTION, ETC.
Place of publication, distribution, etc. New Delhi
Name of publisher, distributor, etc. Research and Information System for the Non-Aligned and other Developing Countries
Date of publication, distribution, etc. 1999
300 ## - PHYSICAL DESCRIPTION
Extent 163p.
650 ## - SUBJECT ADDED ENTRY--TOPICAL TERM
Topical term or geographic name entry element South Asian Association for Regional Cooperation (SAARC)
650 ## - SUBJECT ADDED ENTRY--TOPICAL TERM
Topical term or geographic name entry element Environmental policy - South Asia
650 ## - SUBJECT ADDED ENTRY--TOPICAL TERM
Topical term or geographic name entry element South Asia - Economic conditions
Holdings
Withdrawn status Lost status Damaged status Not for loan Permanent Location Current Location Date acquired Full call number Barcode Date last seen Price effective from Koha item type
        Indian Institute of Public Administration Indian Institute of Public Administration 1999-10-28 T19x5 Sa12 74642 2018-07-21 2018-07-21 Book

Powered by Koha